<?xml version="1.0" encoding="UTF-8"?><?xml-stylesheet type="text/xsl" href="static/style.xsl"?><OAI-PMH xmlns="http://www.openarchives.org/OAI/2.0/" xmlns:xsi="http://www.w3.org/2001/XMLSchema-instance" xsi:schemaLocation="http://www.openarchives.org/OAI/2.0/ http://www.openarchives.org/OAI/2.0/OAI-PMH.xsd"><responseDate>2026-04-17T17:07:27Z</responseDate><request verb="GetRecord" identifier="oai:www.recercat.cat:10230/24751" metadataPrefix="marc">https://recercat.cat/oai/request</request><GetRecord><record><header><identifier>oai:recercat.cat:10230/24751</identifier><datestamp>2025-12-13T21:29:06Z</datestamp><setSpec>com_2072_6</setSpec><setSpec>col_2072_452952</setSpec></header><metadata><record xmlns="http://www.loc.gov/MARC21/slim" xmlns:dcterms="http://purl.org/dc/terms/" xmlns:xsi="http://www.w3.org/2001/XMLSchema-instance" xmlns:doc="http://www.lyncode.com/xoai" xsi:schemaLocation="http://www.loc.gov/MARC21/slim http://www.loc.gov/standards/marcxml/schema/MARC21slim.xsd">
   <leader>00925njm 22002777a 4500</leader>
   <datafield ind2=" " ind1=" " tag="042">
      <subfield code="a">dc</subfield>
   </datafield>
   <datafield ind2=" " ind1=" " tag="720">
      <subfield code="a">Esteve Ruescas, Olga</subfield>
      <subfield code="e">author</subfield>
   </datafield>
   <datafield ind2=" " ind1=" " tag="720">
      <subfield code="a">Arumí Ribas, Marta</subfield>
      <subfield code="e">author</subfield>
   </datafield>
   <datafield ind2=" " ind1=" " tag="720">
      <subfield code="a">Cañada Pujols, Maria Dolors</subfield>
      <subfield code="e">author</subfield>
   </datafield>
   <datafield ind2=" " ind1=" " tag="260">
      <subfield code="c">2015-09-22T12:33:18Z</subfield>
   </datafield>
   <datafield ind2=" " ind1=" " tag="260">
      <subfield code="c">2015-09-22T12:33:18Z</subfield>
   </datafield>
   <datafield ind2=" " ind1=" " tag="260">
      <subfield code="c">1989</subfield>
   </datafield>
   <datafield ind2=" " ind1=" " tag="520">
      <subfield code="a">En el ámbito de la enseñanza-aprendizaje de lenguas extranjeras, el presente se caracteriza por la/nbúsqueda de modelos pedagógicos que fomenten la autonomía del aprendiz. Sin emb argo, en la/ndiscusión que se ha generado en todos los contextos del ámbito educativo español, especialmente en el/nuniversitario, el concepto de autonomía se asocia únicamente a modelos de enseñanza autodirigidos/n(autoaprendizaje y enseñanza a distancia) cuando las aportaciones más recientes de las disciplinas/nteóricas subyacentes a dicho concepto coinciden en señalar que debe interpretarse de forma más/namplia./nEn nuestro artículo abordamos y profundizamos en el concepto de autonomía para, a partir de una/ndefinición globalizadora de dicho concepto, proponer un modelo integrador de enseñanza/aprendizaje de/nla lengua extranjera que combine fases de enseñanza presencial con fases de trabajo en/nautoaprendizaje.</subfield>
   </datafield>
   <datafield ind2="0" ind1="0" tag="245">
      <subfield code="a">Hacia la autonomía del aprendiz en la enseñanza de lenguas extranjeras en el ámbito universitario: el enfoque por tareas como puente de unión entre el aprendizaje en el aula y el trabajo en autoaprendizaje</subfield>
   </datafield>
</record></metadata></record></GetRecord></OAI-PMH>